[Event "Bassano del Grappa Easter op-A 2nd"]
[Site "Bassano del Grappa"]
[Date "2022.04.18"]
[Round "9"]
[White "Comellas Blanchart, Jordi"]
[Black "Levis, Riccardo"]
[Result "1/2-1/2"]
[WhiteElo "2002"]
[BlackElo "1688"]
[PlyCount "163"]
[EventDate "2022.04.14"]
[EventType "swiss"]
[EventRounds "9"]
[EventCountry "ITA"]
[SourceTitle "EXT 2024"]
[Source "ChessBase"]
[SourceDate "2023.10.10"]
[SourceVersion "1"]
[SourceVersionDate "2023.10.10"]
[SourceQuality "1"]

1. d4 Nf6 2. c4 e5 3. dxe5 Ng4 4. e4 Nxe5 5. f4 Bb4+ 6. Bd2 Bxd2+ 7. Qxd2 Ng4 8. Nf3 0-0 9. Nc3 d6 10. 0-0-0 Nc6 11. Bd3 f5 12. h3 Nh6 13. Rhe1 Nb4 14. c5 Nxd3+ 15. Qxd3 fxe4 16. Qxe4 Nf7 17. cxd6 Nxd6 18. Qd5+ Kh8 19. Ne5 Qf6 20. Rf1 Be6 21. Qc5 b6 22. Qd4 Nf5 23. Qf2 Rad8 24. g4 Rxd1+ 25. Rxd1 Nd6 26. Nd3 Bc4 27. f5 Qh6+ 28. Qf4 Qxh3 29. Ne5 Bg8 30. Nd7 Re8 31. Ne5 Qh4 32. Rd2 Qf6 33. Ng6+ hxg6 34. Rh2+ Bh7 35. g5 Qe5 36. Qh4 Qe1+ 37. Qxe1 Rxe1+ 38. Kd2 Rg1 39. fxg6 Rxg5 40. gxh7 g6 41. Re2 Rf5 42. Re7 Rf7 43. Rxf7 Nxf7 44. Nb5 Nd6 45. Nxa7 c5 46. a4 Kxh7 47. Nc6 g5 48. b4 cxb4 49. Nxb4 Kg6 50. Nd5 Nc8 51. Kc3 Kf5 52. Kb4 Ke5 53. Ne3 Ke4 54. Ng4 Kf4 55. Nh6 Nd6 56. Ng8 Ne4 57. Nh6 Nd6 58. Ng8 Kf5 59. Nh6+ Ke4 60. Ng4 Kd5 61. Nh6 Kc6 62. Ng4 Nb7 63. Ne5+ Kd5 64. Ng4 Nd6 65. Nh6 Kc6 66. Ng4 Nf7 67. Kc4 Kb7 68. Kb4 Ka6 69. Kc4 Ka5 70. Kb3 Nd6 71. Ne5 Ne4 72. Nc4+ Ka6 73. Ne5 Nc5+ 74. Kb4 Ne6 75. Ng4 Nf4 76. Ne5 Nd5+ 77. Kc4 Ne3+ 78. Kd4 Nd1 79. Nc4 Nf2 80. Ke5 Nd1 81. Nxb6 g4 82. Kf4 1/2-1/2

[Event "Bassano del Grappa Easter op-A 2nd"]
[Site "Bassano del Grappa"]
[Date "2022.04.18"]
[Round "8"]
[White "Levis, Riccardo"]
[Black "Vincenti, Leonardo"]
[Result "1-0"]
[WhiteElo "1688"]
[BlackElo "1731"]
[PlyCount "46"]
[EventDate "2022.04.14"]
[EventType "swiss"]
[EventRounds "9"]
[EventCountry "ITA"]
[SourceTitle "EXT 2024"]
[Source "ChessBase"]
[SourceDate "2023.10.10"]
[SourceVersion "1"]
[SourceVersionDate "2023.10.10"]
[SourceQuality "1"]

1. e4 c5 2. Nf3 d6 3. c3 Nf6 4. Be2 Nc6 5. d4 cxd4 6. cxd4 e6 7. Nc3 Be7 8. 0-0 0-0 9. Re1 d5 10. e5 Ne4 11. Bd3 Nxc3 12. bxc3 b6 13. Bc2 Ba6 14. h4 h6 15. Bb1 Qd7 16. Qc2 f5 17. exf6 Bxf6 18. Qh7+ Kf7 19. Qg6+ Ke7 20. Ba3+ Kd8 21. Bxf8 Kc7 22. Ba3 Ne7 23. Qf7 Qa4 1-0

[Event "Mestre Sheraton op-B 1st"]
[Site "Mestre"]
[Date "2021.02.28"]
[Round "4"]
[White "Levis, Riccardo"]
[Black "Biserni, Federica"]
[Result "0-1"]
[WhiteElo "999"]
[BlackElo "1433"]
[PlyCount "38"]
[EventDate "2021.02.26"]
[EventType "swiss"]
[EventRounds "5"]
[EventCountry "ITA"]
[SourceTitle "EXT 2023"]
[Source "ChessBase"]
[SourceDate "2022.10.05"]
[SourceVersion "1"]
[SourceVersionDate "2022.10.05"]
[SourceQuality "1"]

1. e4 e5 2. Nf3 Nf6 3. Nc3 Bb4 4. Nxe5 0-0 5. d3 Re8 6. Nf3 d5 7. Bg5 h6 8. Bxf6 Qxf6 9. e5 Nc6 10. Be2 Nxe5 11. 0-0 Nxf3+ 12. Bxf3 c6 13. d4 Bf5 14. a3 Bd6 15. Qd2 Qg6 16. Rac1 Re6 17. Ne2 Rf6 18. Ng3 Bd7 19. Nh5 Rxf3 0-1

[Event "Mestre Sheraton op-B 1st"]
[Site "Mestre"]
[Date "2021.02.27"]
[Round "3"]
[White "Silini, Riccardo"]
[Black "Levis, Riccardo"]
[Result "1-0"]
[WhiteElo "1585"]
[BlackElo "999"]
[PlyCount "91"]
[EventDate "2021.02.26"]
[EventType "swiss"]
[EventRounds "5"]
[EventCountry "ITA"]
[SourceTitle "EXT 2023"]
[Source "ChessBase"]
[SourceDate "2022.10.05"]
[SourceVersion "1"]
[SourceVersionDate "2022.10.05"]
[SourceQuality "1"]

1. Nf3 d5 2. b3 c5 3. Bb2 Nf6 4. e3 Bg4 5. Be2 e6 6. 0-0 Bd6 7. h3 Bh5 8. d4 0-0 9. c4 Re8 10. Nc3 Nbd7 11. cxd5 exd5 12. dxc5 Nxc5 13. Nb5 Nce4 14. Nxd6 Qxd6 15. Nd4 Bxe2 16. Qxe2 Rac8 17. Rac1 a6 18. Rfd1 h5 19. Qd3 Rxc1 20. Rxc1 g6 21. Rd1 h4 22. Ne2 g5 23. f3 Ng3 24. Nxg3 hxg3 25. e4 Nh5 26. Qxd5 Qf4 27. Bc1 Qe5 28. Bxg5 Nf4 29. Bxf4 Qxf4 30. Qd2 Qe5 31. Qe3 Rc8 32. f4 Rc3 33. Qd2 Qc5+ 34. Kf1 Rd3 35. Rc1 Qd4 36. Qe2 Rd2 37. Rc8+ Kh7 38. Qh5+ Kg7 39. Qg5+ Kh7 40. Qh4+ Kg7 41. Qxg3+ Kh7 42. Qh4+ Kg7 43. Qg5+ Kh7 44. Qh5+ Kg7 45. Qh8+ Kg6 46. Rg8+ 1-0